000 00789ngm a2200229 a 4500
005 20241015063724.0
008 991125s1985 mx 001 d daspa u
035 _aUPN01000007635
049 _aAV
050 4 _aOLA 1 no.12
100 1 _aSayavedra Soto, Roberto
_929971
245 1 0 _aChispa y sus experimentos :
_bla grúa levanta /
_cRoberto Sayavedra Soto ; il. Gabriel Cortázar Calles.
260 _aMéxico :
_bChispa,
_c1985.
300 _a1 lámina :
_bcol. ; 42x28
440 0 _aTio bolita y sus ayudantes ;
_v12
500 _aCon: 1 maletín de experimientos. -- Localizable en AV/RME/1
500 _aMaterial ubicado en la sala infantil
650 4 _aElectricidad
_920175
650 4 _aFISICA -
_xEXPERIMENTOS
_917544
650 2 _aMagnetismo
_923902
905 _aAudiovisuales
999 _c7635
_d7635